Українські піонери в Канаді (Запис № 371234)

МАРК-запис
000 -Лідер
fixed length control field 00617nam a22002297a 4500
003 - Ідентифікатор контрольного номера
control field UA-OsUOA
001 - Контрольний номер
control field 84881
007 - Фіксоване поле фізичного опису
fixed length control field ta
008 - Елементи даних фіксованої довжини – загальна інформація
fixed length control field 20120611b un ||||| |||| 00| 0 ukr d
090 ## - Локальний шифр розміщення
Класифікаційний індекс УДК 94(477).152
Авторський знак (НП) Б67
040 ## - Джерело каталогізації
Агенція оригінальної каталогізації UA-OsUOA
Мова каталогізації ukr
Агенція, яка здійснювала перезапис UA-OsUOA
Агенція, яка здійснювала модифікацію UA-OsUOA
041 ## - Код мови
Код мови тексту/ звукової доріжки чи окремого заголовка (П) ukr
080 ## - Індекс Універсальної десяткової класифікації
Індекс Універсальної десяткової класифікації (УДК) (НП) 94(477).152
100 ## - Основне введення – ім’я особи
Ім’я особи (НП) Білецький Л.
245 ## - Відомості про назву
Назва (НП) Українські піонери в Канаді
Решта назви (НП) 1891 - 1951
260 ## - Публікація, розповсюдження і т.п. (Вихідні дані)
Місце публікації, розповсюдження і т.п. (П) Вінніпег
Дата публікації, розповсюдження і т.п. (П) 1951
300 ## - Фізичний опис
Обсяг 128 с.
650 #7 - Додаткове предметне введення – тематичний термін
Тематичний термін чи географічна назва, як елемент введення (НП) 9 Географія. Біографії. Історія
Джерело заголовка чи терміна UDC
942 ## - Додаткові елементи входу (Коха)
Тип елемента Koha Книги
955 ## - Код типу видання за змістом
Код типу видання за змістом (НП) Науково-популярні видання
Фонди
Стан вилучень Стан втрат Джерело класифікації або схеми стелажів Стан уражень Не для кредиту Код колекції Постійне місце розташування Поточне розміщення Дата придбання Джерело придбання Вартість, звичайна ціна покупки Інвентарний номер Усього замовленно Повний номер виклику Штрих-код Дата останнього перегляду Ціна ефективна від Тип елемента Koha
    Universal Decimal Classification     Колекція бібліотеки інституту Св. Івана АБ - Абонемент НБ АБ - Абонемент НБ 11/06/2012 48/2012 5.00 139157   94(477).152 Б67 139157 06/02/2022 11/06/2012 Книги
    Universal Decimal Classification     Колекція бібліотеки інституту Св. Івана АБ - Абонемент НБ АБ - Абонемент НБ 18/06/2012 48/2012 2.00 139499   94(477).152 Б67 139499 06/02/2022 11/06/2012 Книги